| 000 | nam a22 7a 4500 | ||
|---|---|---|---|
| 999 |
_c332284 _d332284 |
||
| 003 | NUST | ||
| 005 | 20171122123441.0 | ||
| 008 | 171122b xxu||||| |||| 00| 0 eng d | ||
| 020 | _a0330418793 | ||
| 040 | _c0 | ||
| 082 | _a915.042 SMI | ||
| 100 |
_aSmith,Tim Mackintosh _96668 |
||
| 245 |
_aThe Travels of Ibn Battutah: _ba bridged, introduced and annotated _cTim Mackintosh-Smith |
||
| 260 |
_aLondon _bPICADOR _c2002. |
||
| 300 | _a325p. | ||
| 500 | _aP.B | ||
| 942 |
_2ddc _cBK _kIESE |
||